00415nam a2200145Ia 4500008004100000082000900041100001500050245002400065260001500089630002400104730002400128942000900152999001900161952008900180100328s9999 xx 000 0 und d b2176 aNair Kusum aThe Story Of I.N.A. bPadma Pub. aThe Story Of I.N.A. aThe Story Of I.N.A. cBOOK c498402d498399 00104070aRNVbRNVd2010-03-28l0pRNV-2176r2010-03-28 00:00:00w2010-03-28yBOOK